| 000 | 00569nam a22001817a 4500 | ||
|---|---|---|---|
| 005 | 20251127182342.0 | ||
| 008 | 251125b |||||||| |||| 00| 0 eng d | ||
| 020 | _a978-93-91208-63-9 | ||
| 041 | _aeng | ||
| 082 | _a615.32 UDD-P | ||
| 100 |
_aUDDIN, REHAN AND PATHAK, MUKESH KUMAR _98807 |
||
| 245 | _aPHYSICAL PHARMACEUTICS-II ACCORDING TO NEW REGULATIONS PCI : For B pharma [ 2nd year] 4th semester | ||
| 250 | _a1st ed, 2022 | ||
| 260 |
_aNEW DELHI _bINNOVATIVE PUBLICATIONS PVT. LTD _c2023 |
||
| 300 | _a101;P | ||
| 650 |
_aPHARMACY _xB.PHARMA |
||
| 942 | _cBK | ||
| 999 |
_c8986 _d8984 |
||